| 000 | 01332cam a2200385 i 4500 | ||
|---|---|---|---|
| 001 | 18248287 | ||
| 003 | OSt | ||
| 005 | 20221005121555.0 | ||
| 008 | 140731s2013 ohua b 001 0 eng d | ||
| 010 | _a 2013497173 | ||
| 016 | 7 |
_a016542066 _2Uk |
|
| 020 | _a9781599637341 (paperback) | ||
| 020 | _a1599637341 | ||
| 035 | _a(OCoLC)ocn862037469 | ||
| 040 |
_aTOH _beng _cTOH _erda _dYDXCP _dZQP _dBTCTA _dUKMGB _dBDX _dQBX _dNYP _dDLC |
||
| 042 | _alccopycat | ||
| 050 | 0 | 0 |
_aPN147 _b.S24 2013 |
| 082 | 0 | 4 |
_a808.02 _223 |
| 100 | 1 | _aSaleh, Naveed, | |
| 245 | 1 | 4 |
_aThe complete guide to article writing : _bhow to write successful articles for online and print markets / _cNaveed Saleh. |
| 246 | 3 | 0 | _aArticle writing |
| 260 |
_aCincinnati, Ohio : _bWriter's Digest Books, _c2013 |
||
| 300 |
_a297 pages : _billustrations ; _c23 cm |
||
| 336 |
_atext _btxt _2rdacontent |
||
| 337 |
_aunmediated _bn _2rdamedia |
||
| 338 |
_avolume _bnc _2rdacarrier |
||
| 504 | _aIncludes bibliographical references (pages 263-289) and index. | ||
| 650 | 0 |
_aJournalism _xAuthorship. |
|
| 650 | 0 |
_aOnline journalism _xAuthorship. |
|
| 650 | 0 | _aFeature writing. | |
| 650 | 0 | _aFreelance journalism. | |
| 906 |
_a7 _bcbc _ccopycat _d2 _encip _f20 _gy-gencatlg |
||
| 942 |
_2lcc _cBK |
||
| 999 |
_c19640 _d19639 |
||